000 00421nam a2200145Ia 4500
008 230917s9999||||xx |||||||||||||| ||und||
040 _e186867
_aMAIN
041 _aEnglish
082 _a301.426 F21F
100 _aIndia, Ministry of Health and Family welfare
245 0 _aFamily welfare statistics in India 2009
260 _aNew Delhi
_bMinistry of Health and Family welfare
_c2009
300 _av. p.
942 _cBK
999 _c133877
_d133877